| 000 | 00701aam a2200229 4500 | ||
|---|---|---|---|
| 999 |
_c33303 _d33303 |
||
| 001 | 2452 | ||
| 003 | CO-MdFUSB | ||
| 005 | 20171011092605.0 | ||
| 008 | 170310t1936 xxu||||| |||| 00| 0 eng d | ||
| 040 |
_aCO-MdFUSB _bxxu _cCO-MdFUSB _dCO-MdFUSBC _erda |
||
| 041 | 0 | _aeng | |
| 082 | 0 | 4 | _aG 225 S4251t |
| 100 | 1 |
_aScott, Ernest Findlay (1868-1954) _eautor |
|
| 245 | 0 | 4 |
_aThe literature of the New Testament _c/ Ernest Findlay Scott |
| 264 | 4 |
_aNew York, USA: _bColumbia University, _c©1936 |
|
| 300 |
_aXV, 312 Pag _c; 24 cm. |
||
| 336 |
_2rdacontent _atexto _btxt |
||
| 337 |
_2rdamedia _asin mediación _bn |
||
| 338 |
_2rdacarrier _avolumen _bnc |
||
| 630 | 0 | 7 |
_aBiblia. _pNuevo Testamento |
| 942 | _cBK | ||